Największe miasta Europy Północnej - Statystyki

Ogólne statystyki
  • Ten quiz został rozwiązany 45 razy
    31 od ostatniego zresetowania
  • Średni wynik to 10 z 15
Statystyki odpowiedzi
Państwo Liczba ludności Miasto % Poprawnych
Dania 1,330,993 Kopenhaga
100%
Norwegia 693,494 Oslo
100%
Szwecja 1,758,893 Sztokholm
100%
Finlandia 653,835 Helsinki
96%
Szwecja 321,845 Malmo
93%
Islandia 222,776 Reykjavik
89%
Szwecja 651,014 Goteborg
86%
Norwegia 291,940 Bergen
79%
Norwegia 205,163 Trondheim
64%
Dania 180,302 Odense
57%
Finlandia 205,489 Oulu
54%
Finlandia 289,731 Espoo
43%
Szwecja 166,049 Uppsala
32%
Norwegia 143,574 Stavanger
25%
Finlandia 233,775 Vantaa
25%
Nie znaleziono quizów pasujących do podanych kryteriów
Rozkład punktacji
Procent ludzi z każdym wynikiem
Percentyl według liczby udzielonych odpowiedzi
Twoja historia wyników
Nie rozwiązałeś tego quizu od ostatniego zresetowania